000 01332nam0a22002651 4500
001 rc\1048992
005 20250622092137.0
035 _a(NLR Aleph) 006210609
090 _a6364297
_c6364297
100 _a20041129d1981 |||y0rusy50 ca
101 0 _arus
102 _aRU
105 _aa |||||||||
200 1 _aАрхитектурно-композиционная вариантность массовых общественных зданий в застройке больших городов
_f[Сост. А.И. Урбах, д. арх. Н.П. Кириенко]
210 _aМ.
_cГОСИНТИ
_d1981
215 _a22 с.
_cил.
_d21
225 1 _aПроблемы больших городов
_eОбзор. информ.
_fОб-ние по руководству науч.-техн. информ. и пропагандой в РСФСР при Гос. ком. СССР по науке и технике, Гос. НИИ науч. и техн. информ. (ГОСИНТИ)
_vВып. 27
320 _aБиблиогр.: с. 21-22 и в подстроч. примеч.
700 1 _aУрбах
_bА.И.
_gАвраам Иосифович
701 1 _aКириенко
_bН.П.
_gНиколай Павлович
801 0 _aRU
_bNLR
_gpsbo
801 1 _aRU
_bELAR
_2rusmarc
852 _aNLR
_jП31/290
942 _cBOOK
980 _aNB